Voice over IP : (Record no. 174805)
[ view plain ]
| 000 -LEADER | |
|---|---|
| fixed length control field | 01275 a2200265 4500 |
| 003 - CONTROL NUMBER IDENTIFIER | |
| control field | Nust |
| 005 - DATE AND TIME OF LATEST TRANSACTION | |
| control field | 20220721084142.0 |
| 010 ## - LIBRARY OF CONGRESS CONTROL NUMBER | |
| LC control number | 2005472887 |
| 020 ## - INTERNATIONAL STANDARD BOOK NUMBER | |
| International Standard Book Number | 0852960247 |
| 035 ## - SYSTEM CONTROL NUMBER | |
| System control number | (OCoLC)ocm47676996 |
| 040 ## - CATALOGING SOURCE | |
| Transcribing agency | Nust |
| 082 04 - DEWEY DECIMAL CLASSIFICATION NUMBER | |
| Classification number | 004.6,VOI |
| 245 00 - TITLE STATEMENT | |
| Title | Voice over IP : |
| Remainder of title | systems and solutions / |
| Statement of responsibility, etc. | edited by Richard Swale. |
| 260 ## - PUBLICATION, DISTRIBUTION, ETC. | |
| Place of publication, distribution, etc. | London : |
| Name of publisher, distributor, etc. | Institution of Electrical Engineers, |
| Date of publication, distribution, etc. | c2001. |
| 300 ## - PHYSICAL DESCRIPTION | |
| Extent | xviii, 484 p. : |
| Other physical details | ill. ; |
| Dimensions | 25 cm. |
| 490 1# - SERIES STATEMENT | |
| Series statement | BT Exact communications technology series ; |
| Volume/sequential designation | 3 |
| 505 ## - FORMATTED CONTENTS NOTE | |
| Formatted contents note | Introduction to VoIP (Page-1), Achieving VoIP Voice Quality (Page-29), VoIP-The Access Dimension (Page-51), IP Telephony Solutions for the Customer Premises (Page-73), International Standards for VoIP (Page-99), SS7 over IP (Page-137), VoIP Gateways and the Megaco Architecture (Page-161), Bearer-Independent Call Control (Page-183), Numbering and Naming in VoIP Networks (Page-207). |
| 650 #0 - SUBJECT ADDED ENTRY--TOPICAL TERM | |
| Topical term or geographic name entry element | Internet telephony. |
| 9 (RLIN) | 55798 |
| 700 1# - ADDED ENTRY--PERSONAL NAME | |
| Personal name | Swale, Richard. |
| 9 (RLIN) | 94194 |
| 710 2# - ADDED ENTRY--CORPORATE NAME | |
| Corporate name or jurisdiction name as entry element | BTexact Technologies. |
| 9 (RLIN) | 94195 |
| 710 2# - ADDED ENTRY--CORPORATE NAME | |
| Corporate name or jurisdiction name as entry element | Institution of Electrical Engineers. |
| 830 #0 - SERIES ADDED ENTRY--UNIFORM TITLE | |
| Uniform title | BT communications technology series ; |
| 9 (RLIN) | 94196 |
| 856 42 - ELECTRONIC LOCATION AND ACCESS | |
| Materials specified | Publisher description |
| Uniform Resource Identifier | <a href="http://www.loc.gov/catdir/enhancements/fy0631/2005472887-d.html">http://www.loc.gov/catdir/enhancements/fy0631/2005472887-d.html</a> |
| 942 ## - ADDED ENTRY ELEMENTS (KOHA) | |
| Koha item type | Reference |
| Source of classification or shelving scheme | |
| Withdrawn status | Lost status | Source of classification or shelving scheme | Damaged status | Not for loan | Permanent Location | Current Location | Shelving location | Date acquired | Full call number | Barcode | Date last seen | Price effective from | Koha item type | Public note |
|---|---|---|---|---|---|---|---|---|---|---|---|---|---|---|
| Military College of Signals (MCS) | Military College of Signals (MCS) | Reference | 12/12/2016 | 004.6,VOI | MCS30704 | 12/08/2016 | 12/12/2016 | Book | Almirah No.17, Shelf No.3 |
